Los 70's : (Record no. 110259)
[ view plain ]
| 000 -CABECERA | |
|---|---|
| campo de control de longitud fija | 00829ngm a2200193 a 4500 |
| 005 - FECHA Y HORA DE LA ÚLTIMA TRANSACCIÓN | |
| campo de control | 20210223125623.0 |
| 008 - ELEMENTOS DE LONGITUD FIJA--INFORMACIÓN GENERAL | |
| campo de control de longitud fija | 050418s2002 mx 120 aaspa d |
| 035 ## - NÚMERO DE CONTROL DEL SISTEMA | |
| Número de control de sistema | UPN01000138111 |
| 049 ## - COLECCIÓN | |
| Colección | AV |
| 050 #4 - SIGNATURA TOPOGRÁFICA DE LA BIBLIOTECA DEL CONGRESO | |
| Número de clasificación | DVD E 19 |
| 245 04 - MENCIÓN DE TÍTULO | |
| Título | Los 70's : |
| Resto del título | fue la década en que todo cambió-- excepto su amistad / |
| Mención de responsabilidad, etc. | dir. Peter Werner. |
| 260 ## - PUBLICACIÓN, DISTRIBUCIÓN, ETC. | |
| Lugar de publicación, distribución, etc. | [E.U.A.] : |
| Nombre del editor, distribuidor, etc. | USA video, |
| Fecha de publicación, distribución, etc. | c2002. |
| 300 ## - DESCRIPCIÓN FÍSICA | |
| Extensión | 1 DVD (120 min.) : |
| Otras características físicas | son. col. ; |
| Dimensiones | 4 3/4 plg. |
| 511 1# - NOTA DE PARTICIPANTES O INTÉRPRETES | |
| Nota de participantes o intérpretes | Reparto: Vanessa Shaw, Guy Torry |
| 520 ## - NOTA DE RESUMEN, ETC. | |
| Sumario, etc. | Los años 70, una década que cambió muchas vidas para siempre; este video trata de la vida de 4 estudiantes que se ven envueltos en una década llena de disturbios, revueltas estudiantiles y de música disco |
| 651 #4 - ASIENTO SECUNDARIO DE MATERIA - NOMBRE GEOGRAFICO | |
| Nombre geográfico | ESTADOS UNIDOS - |
| Subdivisión general | CIVILIZACION - |
| Subdivisión cronológica | 1970- |
| 9 (RLIN) | 674 |
| 700 1# - ASIENTO SECUNDARIO--NOMBRE DE PERSONAL | |
| Nombre de persona | Werner, Peter, |
| Término indicativo de función/relación | dir. |
| 905 ## - TIPO DE MATERIAL | |
| Tipo de material | Electrónico |
| Estado de retiro | Estado de pérdida | Fuente del sistema de clasificación o colocación | Estado dañado | No para préstamo | Código de colección | Localización permanente | Ubicación/localización actual | Ubicación en estantería | Total de préstamos | Clasificación | Código de barras | Fecha visto por última vez | Número de copia | Tipo de ítem Koha |
|---|---|---|---|---|---|---|---|---|---|---|---|---|---|---|
| Library of Congress Classification | Audiovisuales | Bib. Gregorio Torres Quintero | Bib. Gregorio Torres Quintero | Audiovisual | DVD E 19 | 227876 | 31/12/2020 | 1 | Formato Digital |
